000
00214 a2200097 4500
001
26186
100
_a
Thomas P
245
_a
Death camps of the River Kwai
260
_a
_b
United Writers
_c
090
_c
17665
_d
17665
942
_a
NUST-CAE
_c
M
_c
8519
999
_c
261259
_d
261259